000 00276nam a22001097a 4500
008 170119b xxu||||| |||| 00| 0 eng d
020 _a9780812213447
041 _aeng
080 _a618.2
245 _aCARING FOR PATIENTS FROM DIFFERENT CULTURES
_cGALANTI, G.A
942 _2udc
_cBK
999 _c3157
_d3157